Skład Legii Warszawa - 2023/24 - Statystyki

Ogólne statystyki
  • Ten quiz został rozwiązany 146 razy
  • Średni wynik to 20 z 32
Statystyki odpowiedzi
Hint Odpowiedź % Poprawnych
Bramkarz Kacper Tobiasz
99%
Obrońca Artur Jędrzejczyk
93%
Pomocnik Josué Pesqueira
93%
Napastnik Tomas Pekhart
90%
Obrońca Radovan Pankov
89%
Bramkarz Dominik Hładun
84%
Pomocnik Paweł Wszołek
84%
Napastnik Blaž Kramer
83%
Pomocnik Bartosz Kapustka
79%
Obrońca Rafał Augustyniak
78%
Napastnik Marc Gual
76%
Obrońca Steve Kapuadi
74%
Napastnik Ernest Muçi
71%
Pomocnik Patryk Kun
70%
Pomocnik Bartosz Slisz
69%
Bramkarz Cezary Miszta
68%
Bramkarz Gabriel Kobylak
68%
Napastnik Maciej Rosołek
67%
Pomocnik Juergen Elitim
65%
Obrońca Yuri Ribeiro
65%
Pomocnik Gil Dias
54%
Pomocnik Igor Strzałek
54%
Pomocnik Jurgen Çelhaka
54%
Obrońca Marco Burch
52%
Pomocnik Makana Baku
47%
Obrońca Lindsay Rose
40%
Obrońca Jan Ziółkowski
39%
Pomocnik Filip Rejczyk
37%
Pomocnik Ihor Kharatin
28%
Pomocnik Patryk Sokołowski
23%
Pomocnik Ramil Mustafaev
19%
Pomocnik Jakub Jędrasik
16%
Nie znaleziono quizów pasujących do podanych kryteriów
Rozkład punktacji
Procent ludzi z każdym wynikiem
Percentyl według liczby udzielonych odpowiedzi
Twoja historia wyników
Nie rozwiązałeś tego quizu